THE DIGITAL MINDSET : (Record no. 192887)
[ view plain ]
| 000 -LEADER | |
|---|---|
| fixed length control field | 01652nam a2200313 i 4500 |
| 003 - CONTROL NUMBER IDENTIFIER | |
| control field | OSt |
| 005 - DATE AND TIME OF LATEST TRANSACTION | |
| control field | 20230827120108.0 |
| 008 - FIXED-LENGTH DATA ELEMENTS--GENERAL INFORMATION | |
| fixed length control field | 220207t20222022maua er 001 0|eng d |
| 020 ## - INTERNATIONAL STANDARD BOOK NUMBER | |
| International Standard Book Number | 9781647820107 |
| Terms of availability | RM141.00 |
| Qualifying information | hardback |
| 040 ## - CATALOGING SOURCE | |
| Original cataloging agency | PPAK |
| Language of cataloging | eng |
| Transcribing agency | PPAK |
| Description conventions | rda |
| 082 04 - DEWEY DECIMAL CLASSIFICATION NUMBER | |
| Edition number | 23 |
| Classification number | 658.514 |
| 090 00 - LOCALLY ASSIGNED LC-TYPE CALL NUMBER (OCLC); LOCAL CALL NUMBER (RLIN) | |
| Classification number (OCLC) (R) ; Classification number, CALL (RLIN) (NR) | 658.514 |
| Feature heading | LEO |
| Feature heading | G |
| 100 1# - MAIN ENTRY--PERSONAL NAME | |
| Personal name | Leonardi, Paul M., |
| Dates associated with a name | 1979- |
| Relator term | author. |
| 245 10 - TITLE STATEMENT | |
| Title | THE DIGITAL MINDSET : |
| Remainder of title | What It Really Takes to Thrive in the Age of Data, Algorithms, and AI / |
| Statement of responsibility, etc. | PAUL LEONARDI & TSEDAL NEELEY |
| 264 #1 - PRODUCTION, PUBLICATION, DISTRIBUTION, MANUFACTURE, AND COPYRIGHT NOTICE | |
| Place of production, publication, distribution, manufacture | Boston : |
| Name of producer, publisher, distributor, manufacturer | Harvard Business Review Press, |
| Date of production, publication, distribution, manufacture, or copyright notice | 2022 |
| Date of production, publication, distribution, manufacture, or copyright notice | ©2022 |
| 300 ## - PHYSICAL DESCRIPTION | |
| Extent | viii, 249 pages : |
| Other physical details | illustrations ; |
| Dimensions | 24 cm |
| 336 ## - CONTENT TYPE | |
| Content type term | text |
| Source | rdacontent |
| 337 ## - MEDIA TYPE | |
| Media type term | unmediated |
| Source | rdamedia |
| 338 ## - CARRIER TYPE | |
| Carrier type term | volume |
| Source | rdacarrier |
| 504 ## - BIBLIOGRAPHY, ETC. NOTE | |
| Bibliography, etc. note | Includes bibliographical references and index. |
| 520 ## - SUMMARY, ETC. | |
| Summary, etc. | The digital revolution is here. It's changing how work gets done, how industries are structured, and how people from all walks of life work, behave, and relate to each other. To thrive in a world driven by data and powered by algorithms, we must learn to see, think, and act in new ways. We need to develop a digital mindset. But what does that mean? This book introduces three approaches -- Collaboration, Computation, and Change -- that you need for a digital mindset and the perspectives and actions within each approach that will enable you to develop the digital skills you need. |
| 650 10 - SUBJECT ADDED ENTRY--TOPICAL TERM | |
| Topical term or geographic name entry element | Technological innovations |
| Topical term or geographic name entry element | Computer literacy |
| Topical term or geographic name entry element | Artificial intelligence |
| Topical term or geographic name entry element | Success in business |
| 700 1# - ADDED ENTRY--PERSONAL NAME | |
| Personal name | Neeley, Tsedal, |
| Relator term | author. |
| 942 ## - ADDED ENTRY ELEMENTS (KOHA) | |
| Source of classification or shelving scheme | Dewey Decimal Classification |
| Koha item type | Book |
| Withdrawn | Not for loan | Current library | Shelving location | Date acquired | Total Checkouts | Full call number | Barcode | Date last seen | Koha item type |
|---|---|---|---|---|---|---|---|---|---|
| Perpustakaan Alor Setar | Pinjaman Dewasa | 20/09/2023 | 658.514 LEO | A01789941 | 20/09/2023 | Book | |||
| Perpustakaan Awam Sungai Petani | Pinjaman Dewasa | 20/09/2023 | 658.514 LEO | A01789942 | 20/09/2023 | Book | |||
| Perpustakaan Langkawi | Pinjaman Dewasa | 20/09/2023 | 658.514 LEO | A01789943 | 20/09/2023 | Book |